书目信息 |
| 题名: |
现代奥林匹克文化视域下的全运会文化传承与改革
|
|
| 作者: | 周怀球 , 刘帮华 著 | |
| 分册: | ||
| 出版信息: | 北京 中国纺织出版社有限公司 2020.01 |
|
| 页数: | 135页 | |
| 开本: | 23cm | |
| 丛书名: | ||
| 单 册: | ||
| 中图分类: | G812.20 | |
| 科图分类: | ||
| 主题词: | 全国运动会--体育文化--研究--中国 | |
| 电子资源: | ||
| ISBN: | 978-7-5180-6484-7 | |
| 000 | 01001nam0 2200253 450 | |
| 001 | 0108153910 | |
| 005 | 20210308154402.0 | |
| 010 | @a978-7-5180-6484-7@dCNY52.00 | |
| 100 | @a20200408d2020 em y0chiy50 ea | |
| 101 | 0 | @achi |
| 102 | @aCN@b110000 | |
| 105 | @aa z 000yy | |
| 106 | @ar | |
| 200 | 1 | @a现代奥林匹克文化视域下的全运会文化传承与改革@Axian dai ao lin pi ke wen hua shi yu xia de quan yun hui wen hua chuan cheng yu gai ge@f周怀球, 刘帮华著 |
| 210 | @a北京@c中国纺织出版社有限公司@d2020.01 | |
| 215 | @a135页@c图, 照片@d23cm | |
| 300 | @a《现代奥林匹克文化视域下反思当今全运会体育文化缺失的若干意见》教育部人文社会科学研究规划基金项目 | |
| 330 | @a本书共四章,内容包括:奥林匹克运动文化理论、全运会的竞赛理念、全运会文化传承、全运会演化逻辑与改革措施。 | |
| 606 | 0 | @a全国运动会@x体育文化@x研究@y中国 |
| 690 | @aG812.20@v5 | |
| 701 | 0 | @a周怀球@Azhou huai qiu@4著 |
| 701 | 0 | @a刘帮华@Aliu bang hua@4著 |
| 801 | 0 | @aCN@bBJSZM@c20210308 |
| 905 | @b1272263-4@dG812.20@e157@f2 | |
| 现代奥林匹克文化视域下的全运会文化传承与改革/周怀球, 刘帮华著.-北京:中国纺织出版社有限公司,2020.01 |
| 135页:图, 照片;23cm |
| 《现代奥林匹克文化视域下反思当今全运会体育文化缺失的若干意见》教育部人文社会科学研究规划基金项目 |
| ISBN 978-7-5180-6484-7:CNY52.00 |
| 本书共四章,内容包括:奥林匹克运动文化理论、全运会的竞赛理念、全运会文化传承、全运会演化逻辑与改革措施。 |
| ● |
| 相关链接 |
|
|
|
|
正题名:现代奥林匹克文化视域下的全运会文化传承与改革
索取号:G812.20/157
 
预约/预借
| 序号 | 登录号 | 条形码 | 馆藏地/架位号 | 状态 | 备注 |
| 1 | 1272263 | 212722632 | 第一样本阅览室/ [索取号:G812.20/157] | 在馆 | |
| 2 | 1272264 | 212722641 | 教育系资料室/ [索取号:G812.20/157] | 在馆 |